Dum Assertiones Ex Universa Philosophia In Alma Archi - Episcopali Soc. Jesu Academia Budensi Anno Salutis M. DCC. LVI. Mense Augusto

Bibliographic Details
Main Author: Szidek, Caspar (Author)
Other Authors: Retlich, Joannes (Dissertant), Argai, Adamus (Dissertant), Landerer, Lipót Ferenc (Printer)
Format: Book
Language:Latin
PhysicalDescription:[8] s. 16 cm
Published: Budae Typis Leopoldi Francisci Landerer, Typog. Anno Salutis M. DCC. LVI. [=1756]
Subjects:

MARC

LEADER 00000nam a2200000 a 4500
001 vtls012131403
003 SK-MaSNL
005 20260425224426.0
008 220419s1756 hu 0 0n0 lat
015 |a SNBHFA 
040 |a SNKHF  |b slo  |c SNK  |e AACR2 
041 0 |a lat 
044 |a hu  |c HU 
072 7 |a 101  |x Filozofia  |2 konspekt 
080 |a 101  |2 2011 
100 1 |a Szidek, Caspar  |4 aut  |9 369038 
245 1 0 |a Dum Assertiones Ex Universa Philosophia  |b In Alma Archi - Episcopali Soc. Jesu Academia Budensi Anno Salutis M. DCC. LVI. Mense Augusto  |c Publice propugnarent Reverendi, Nobiles, ac Eruditi Domini Joannes Retlich, Et Adamus Argai, Philosophiae in 2dum annum Auditores, Seminarii Szécsényani Alumni, Archi-Dioecesis Strigoniensis ; Ex Praelectionibus R. P. Caspari Szidek e S.J. AA. LL. & Philosophiae Doctoris, ejusdemque professoris Publici Ordinarii 
260 |a Budae  |b Typis Leopoldi Francisci Landerer, Typog.  |c Anno Salutis M. DCC. LVI. [=1756] 
300 |a [8] s.  |c 16 cm 
500 |a Vineta. Zložky. Kustody 
501 |a Prív. 1. k: PINTÉR, Jozef. Chronotaxis Henscheniana. Tyrnaviae : Typis Academicis Societ. Jesu, 1754.  |5 SNK SD 2719/prív.1 
650 0 7 |a filozofia  |2 SNKPH  |9 793 
655 7 |a promočné tlače  |2 SNKPH  |9 73127 
700 1 |a Retlich, Joannes  |4 dis  |9 369039 
700 1 |a Argai, Adamus  |4 dis  |9 369040 
700 1 |a Klobušický, František,  |d 1707-1760  |4 pat  |9 369041 
700 1 |a Landerer, Lipót Ferenc  |4 prt  |9 220077 
752 |a Maďarsko  |d Budapešť 
852 |a snk  |p SD 2719/prív.1 
958 |a DD 
958 |a ONDV 
999 |c 613339  |d 615269 
952 |a SNK  |b SNK  |y PREZ  |7 0  |p 17A1485059  |o snkSD 2719/prív.1 D1  |i snk2013/18389  |8 3  |0 0  |1 0  |4 0  |d 2022-04-19  |l 0  |r 2026-02-23 16:30:00  |w 2026-02-23 
952 |a SNK  |b SNK  |y PREZ  |7 0  |p 17A1485058  |o snkSD 2719/prív.1  |i snk529/30  |0 0  |1 0  |4 0  |d 2022-04-19  |l 0  |r 2025-10-31 00:00:00  |w 2026-02-23